Formovanie a využitie marketingovej stratégie v manažérskych procesoch

Proces tvorby marketingovej stratégie. Vytýčenie hlavných krokov procesu jej tvorby. Odporúčania na implementovanie marketingovej stratégie v podnikových podmienkach. Model formovania marketingovej stratégie. vyjadrenie strategickej podstaty. Zabezpečenie vnútorných zdrojov. Schvaľovanie marketingov...

Ausführliche Beschreibung

Gespeichert in:
Bibliographische Detailangaben
1. Verfasser: Jedlička, Milan
Format: Buchkapitel
Sprache:Slowakisch
Schlagworte:
Tags: Tag hinzufügen
Keine Tags, Fügen Sie das erste Tag hinzu!

MARC

LEADER 00000naa a2200000 4500
001 r043044
005 20231002065955.4
041 0 |a slo 
044 |a SK 
245 1 0 |a Formovanie a využitie marketingovej stratégie v manažérskych procesoch  |c Milan Jedlička 
520 |a Proces tvorby marketingovej stratégie. Vytýčenie hlavných krokov procesu jej tvorby. Odporúčania na implementovanie marketingovej stratégie v podnikových podmienkach. Model formovania marketingovej stratégie. vyjadrenie strategickej podstaty. Zabezpečenie vnútorných zdrojov. Schvaľovanie marketingovej stratégie. 
610 2 0 |a stratégia marketingová 
610 2 0 |a manažment 
610 2 0 |a riadenie kvality 
610 2 0 |a firmy 
610 2 0 |a riadenie vrcholové 
100 1 |a Jedlička, Milan